000 00366nam a22001577a 4500
005 20251108172609.0
008 250721s9999 xx 000 0 eng d
082 1 4 _a748.5WRI
100 1 _aWrigley, Lynette
245 1 0 _aStained glass /
264 1 _aLondon :
_bNew Holan .J,
300 _a128p
650 1 7 _aStained glass
942 _2ddc
_cBK
999 _c83547
_d83547